Luật đấu thầu (hiện hành) : Sửa đổi, bổ sung năm 2016, 2017

Nội dung sách Luật đấu thầu trình bày các quy định quản lý nhà nước về đấu thầu, trách của các bên có liên quan và các bên có liên quan và các hoạt động đấu thầu.

Tallennettuna:
Bibliografiset tiedot
Aineistotyyppi: Kirja
Kieli:Vietnamese
Julkaistu: H. Chính trị quốc gia sự thật 2018
Aiheet:
Tagit: Lisää tagi
Ei tageja, Lisää ensimmäinen tagi!
Thư viện lưu trữ: Thư viện Trường Đại học Nam Cần Thơ
LEADER 00990nam a22001817a 4500
001 NCT_4_025360
008 250712b xxu||||| |||| 00| 0 vie d
999 |c 9251  |d 9251 
020 |a 9786045742440  |c 28000 
082 0 4 |2 23rd ed.  |a 346.597096  |b L504Đ 
245 0 0 |a Luật đấu thầu (hiện hành) :  |b Sửa đổi, bổ sung năm 2016, 2017 
260 |a H.  |b Chính trị quốc gia sự thật  |c 2018 
300 |a 131 tr.  |c 19 cm 
520 3 |a Nội dung sách Luật đấu thầu trình bày các quy định quản lý nhà nước về đấu thầu, trách của các bên có liên quan và các bên có liên quan và các hoạt động đấu thầu. 
653 |a Luật học 
942 |2 ddc  |c BK 
952 |0 0  |1 0  |2 ddc  |4 0  |6 346_597096000000000_L504Đ  |7 0  |9 31279  |a 000001  |b 000001  |d 2025-07-12  |o 346.597096 L504Đ  |p MD.24323  |r 2025-07-12  |v 28000.00  |w 2025-07-12  |y BK 
980 |a Thư viện Trường Đại học Nam Cần Thơ